Bác sỹ ơi tại sao?: Tư vấn về sức khỏe
Na minha lista:
| Autor principal: | |
|---|---|
| Formato: | Livro |
| Idioma: | Undetermined |
| Publicado em: |
H.
Thanh Niên
2003
|
| Assuntos: | |
| Tags: |
Adicionar Tag
Sem tags, seja o primeiro a adicionar uma tag!
|
| Thư viện lưu trữ: | Trung tâm Học liệu Trường Đại học Cần Thơ |
|---|
| LEADER | 00559nam a2200193Ia 4500 | ||
|---|---|---|---|
| 001 | CTU_54156 | ||
| 008 | 210402s9999 xx 000 0 und d | ||
| 020 | |b 25000 | ||
| 082 | |a 613 | ||
| 082 | |b Đ103 | ||
| 100 | |a Bùi Đại | ||
| 245 | 0 | |a Bác sỹ ơi tại sao?: Tư vấn về sức khỏe | |
| 245 | 0 | |c Bùi Đại | |
| 260 | |a H. | ||
| 260 | |b Thanh Niên | ||
| 260 | |c 2003 | ||
| 650 | |a health education,health promotion,primary health care | ||
| 910 | |a Mất MOL.015894 | ||
| 980 | |a Trung tâm Học liệu Trường Đại học Cần Thơ | ||